Lotus 1-2-3 : a step-by-step guide
| Main Author: | |
|---|---|
| Format: | Book |
| Published: |
Shah Alam :
Times ,
1994
|
| Subjects: |
MARC
| LEADER | 00000cam a2200000 7i4500 | ||
|---|---|---|---|
| 001 | 0000006502 | ||
| 002 | 000007014 | ||
| 005 | 20000330.0 | ||
| 020 | |a 9679148203 | ||
| 090 | 0 | 0 | |a 650.02855369 |b CHU |
| 100 | 0 | |a Chua Chooi See | |
| 245 | 1 | 0 | |a Lotus 1-2-3 : |b a step-by-step guide |c Chua Chooi See |
| 260 | |a Shah Alam : |b Times , |c 1994 | ||
| 300 | |a 427p. ; |c 24cm. | ||
| 650 | 0 | 0 | |a Computer spreedsheet |
| 650 | 0 | 0 | |a Lotus 1-2-3 release 2.4 |
| 999 | |a 040055 |b BUKU |c PINJAMAN |e PERPUSTAKAAN KOMUNITI PETALING JAYA | ||
| 999 | |a 040056 |b BUKU |c PINJAMAN |e PERPUSTAKAAN KOMUNITI PETALING JAYA | ||